[Event "Britiah Columbia-ch Seniors"]
[Site "Surrey CAN"]
[Date "2022.07.16"]
[Round "3.3"]
[White "Landingin, Jofrel"]
[Black "Mohammed Qanee, Arpak Worya"]
[Result "0-1"]
[WhiteElo "1812"]
[BlackElo "2130"]
[PlyCount "50"]
[EventDate "2022.07.15"]
[EventType "swiss"]
[EventRounds "5"]
[EventCountry "CAN"]

1. e4 c5 2. Nf3 Nc6 3. c3 Nf6 4. d3 d5 5. exd5 Qxd5 6. Be2 e5 7. O-O Be7 8. h3
O-O 9. Bg5 Rd8 10. Nbd2 Bf5 11. c4 Qe6 12. Bxf6 Bxf6 13. Qb3 b6 14. Ne4 Rd7 15.
Rad1 Rad8 16. a3 h6 17. Rfe1 g5 18. g4 Bg6 19. Qc2 Bg7 20. Ng3 Qf6 21. Kg2 Qf4
22. Bf1 Qxf3+ 23. Kxf3 Nd4+ 24. Kg2 Nxc2 25. Rd2 Nxe1+ 0-1

[Event "Britiah Columbia-ch Seniors"]
[Site "Surrey CAN"]
[Date "2022.07.16"]
[Round "3.4"]
[White "Bouchard, John"]
[Black "Fuentebella, Mayo"]
[Result "0-1"]
[WhiteElo "1323"]
[BlackElo "2292"]
[PlyCount "70"]
[EventDate "2022.07.15"]
[EventType "swiss"]
[EventRounds "5"]
[EventCountry "CAN"]

1. e4 e6 2. d4 d5 3. e5 c5 4. c3 Nc6 5. Bb5 Qb6 6. Bxc6+ bxc6 7. Ne2 Ba6 8. O-O
cxd4 9. cxd4 Bxe2 10. Qxe2 Qxd4 11. Rd1 Qb6 12. Be3 c5 13. Rd3 Qa6 14. Kf1 d4
15. Bd2 Ne7 16. Rb3 Qxe2+ 17. Kxe2 Nc6 18. f4 Be7 19. Rb7 O-O 20. Na3 Rfb8 21.
Rxb8+ Rxb8 22. Nc4 f6 23. b3 Kf7 24. Rc1 Ke8 25. Na5 Nxa5 26. Bxa5 Kd7 27. Kd3
fxe5 28. fxe5 Rf8 29. Rc2 Kc6 30. b4 Kd5 31. a3 Rf5 32. Rc1 Rf2 33. b5 Rxg2 34.
b6 axb6 35. Bxb6 Ra2 0-1

[Event "Britiah Columbia-ch Seniors"]
[Site "Surrey CAN"]
[Date "2022.07.17"]
[Round "4.1"]
[White "Fuentebella, Mayo"]
[Black "Morgan, Scott"]
[Result "1-0"]
[WhiteElo "2292"]
[BlackElo "2047"]
[PlyCount "39"]
[EventDate "2022.07.15"]
[EventType "swiss"]
[EventRounds "5"]
[EventCountry "CAN"]

1. c4 e5 2. Nc3 Nc6 3. Nf3 Bc5 4. e3 a6 5. d4 exd4 6. exd4 Ba7 7. d5 Nce7 8.
Bd3 d6 9. O-O Bg4 10. Re1 Qd7 11. h3 Bh5 12. Be3 Bxe3 13. Rxe3 O-O-O 14. b4 h6
15. a4 g5 16. a5 g4 17. Nh2 Nf6 18. hxg4 Nxg4 19. Nxg4 Qxg4 20. Qxg4+ 1-0

[Event "Britiah Columbia-ch Seniors"]
[Site "Surrey CAN"]
[Date "2022.07.17"]
[Round "4.2"]
[White "Mohammed Qanee, Arpak Worya"]
[Black "Oszvald, Joseph"]
[Result "1-0"]
[WhiteElo "2130"]
[BlackElo "1991"]
[PlyCount "53"]
[EventDate "2022.07.15"]
[EventType "swiss"]
[EventRounds "5"]
[EventCountry "CAN"]

1. e4 c5 2. f4 Nc6 3. Nf3 g6 4. Bc4 Bg7 5. O-O e6 6. Nc3 Nge7 7. e5 d5 8. exd6
Nf5 9. Bb5 Qb6 10. Bxc6+ Qxc6 11. Qe2 Qxd6 12. Ne4 Qc6 13. Ne5 Nd4 14. Qd3 Bxe5
15. fxe5 O-O 16. c3 Nf5 17. g4 c4 18. Nf6+ Kg7 19. Qe4 Qc5+ 20. Rf2 Ne7 21. d4
cxd3 22. Be3 Qb5 23. Qf4 Ng8 24. Nxg8 Kxg8 25. Qf6 Qc4 26. Bh6 Qxg4+ 27. Rg2
1-0

[Event "Britiah Columbia-ch Seniors"]
[Site "Surrey CAN"]
[Date "2022.07.17"]
[Round "4.3"]
[White "Patterson, Roger"]
[Black "Kerry, James"]
[Result "1/2-1/2"]
[WhiteElo "2037"]
[BlackElo "1953"]
[PlyCount "59"]
[EventDate "2022.07.15"]
[EventType "swiss"]
[EventRounds "5"]
[EventCountry "CAN"]

1. c4 e5 2. Nf3 Nc6 3. Nc3 Nf6 4. d3 d5 5. cxd5 Nxd5 6. g3 Be7 7. Bg2 Nb6 8. a3
Be6 9. O-O Qd7 10. Re1 O-O 11. Be3 f6 12. Rc1 Nd4 13. Bxd4 exd4 14. Ne4 c6 15.
Nc5 Bxc5 16. Rxc5 Qd6 17. Rc1 Nd7 18. Nd2 Ne5 19. Ne4 Qe7 20. Qa4 Rfd8 21. Qc2
b6 22. Nd2 Rac8 23. a4 a5 24. b3 c5 25. Nc4 Rb8 26. Rcd1 Bd5 27. Nxe5 Bxg2 28.
Kxg2 Qxe5 29. Qc4+ Qd5+ 30. Kg1 1/2-1/2

[Event "Britiah Columbia-ch Seniors"]
[Site "Surrey CAN"]
[Date "2022.07.17"]
[Round "4.4"]
[White "Harris, Philip"]
[Black "Kagaoan, Jose"]
[Result "0-1"]
[WhiteElo "1685"]
[BlackElo "1953"]
[PlyCount "48"]
[EventDate "2022.07.15"]
[EventType "swiss"]
[EventRounds "5"]
[EventCountry "CAN"]

1. e4 g6 2. d4 Nf6 3. Nc3 d5 4. exd5 Nxd5 5. Bc4 Nb6 6. Bb3 Bg7 7. Be3 Nc6 8.
Nge2 O-O 9. d5 Na5 10. Bxb6 axb6 11. O-O Nxb3 12. axb3 Bf5 13. Ra4 Bd7 14. Rb4
c6 15. dxc6 bxc6 16. Re4 Bf5 17. Qxd8 Rfxd8 18. Rxe7 Bxc2 19. Rb7 Rd2 20. Nc1
b5 21. h3 Rad8 22. N1e2 Bd3 23. Re7 Bxc3 24. bxc3 Rxe2 0-1

[Event "Britiah Columbia-ch Seniors"]
[Site "Surrey CAN"]
[Date "2022.07.17"]
[Round "5.1"]
[White "Verdon, Norman"]
[Black "Mohammed Qanee, Arpak Worya"]
[Result "0-1"]
[WhiteElo "1958"]
[BlackElo "2130"]
[PlyCount "54"]
[EventDate "2022.07.15"]
[EventType "swiss"]
[EventRounds "5"]
[EventCountry "CAN"]

1. Nf3 d5 2. e3 Nc6 3. d4 Bg4 4. Bb5 e6 5. h3 Bh5 6. g4 Bg6 7. Ne5 Nge7 8. h4
h5 9. Nxg6 Nxg6 10. g5 Bd6 11. a4 Nge7 12. b3 Nf5 13. Ba3 g6 14. Bxc6+ bxc6 15.
Bxd6 cxd6 16. Qd3 Qa5+ 17. Qc3 Qa6 18. Nd2 O-O 19. e4 Ne7 20. Rh3 Rac8 21. Qd3
Qa5 22. Kf1 c5 23. c3 cxd4 24. cxd4 Rc6 25. Re1 Rfc8 26. Ree3 Rc2 27. Nc4 Rc1+
0-1

[Event "Britiah Columbia-ch Seniors"]
[Site "Surrey CAN"]
[Date "2022.07.17"]
[Round "5.2"]
[White "Leblanc, Paul"]
[Black "Fuentebella, Mayo"]
[Result "0-1"]
[WhiteElo "1667"]
[BlackElo "2292"]
[PlyCount "94"]
[EventDate "2022.07.15"]
[EventType "swiss"]
[EventRounds "5"]
[EventCountry "CAN"]

1. d4 d5 2. c4 dxc4 3. Nf3 a6 4. e3 b5 5. a4 Bb7 6. b3 e6 7. bxc4 b4 8. c5 a5
9. Bd3 Nf6 10. O-O Be7 11. Nbd2 O-O 12. Bb2 Nbd7 13. Qe2 Re8 14. Rfc1 Bc6 15.
e4 Qb8 16. Nc4 Qb7 17. Re1 Bf8 18. Nfe5 Nxe5 19. Nxe5 Red8 20. Nxc6 Qxc6 21.
Bb5 Qb7 22. Rac1 c6 23. Bc4 Rd7 24. Qf3 Be7 25. Qh3 Rad8 26. f4 Qc7 27. Qf3
Rxd4 28. Bxd4 Rxd4 29. e5 Nd5 30. Bxd5 Rxd5 31. Red1 Bxc5+ 32. Kh1 Bd4 33. h3
g6 34. Qb3 Qd7 35. Qc2 c5 36. Rd3 Bc3 37. Rf3 Rd4 38. Rcf1 Qd5 39. h4 h5 40.
Kh2 Rd2 41. Qb1 c4 42. Rg3 Kg7 43. Rff3 Qd4 44. Rf1 b3 45. Rgf3 b2 46. Kh3 Bb4
47. Rg1 c3 0-1

[Event "Britiah Columbia-ch Seniors"]
[Site "Surrey CAN"]
[Date "2022.07.17"]
[Round "5.3"]
[White "Kagaoan, Jose"]
[Black "Morgan, Scott"]
[Result "0-1"]
[WhiteElo "1953"]
[BlackElo "2047"]
[PlyCount "100"]
[EventDate "2022.07.15"]
[EventType "swiss"]
[EventRounds "5"]
[EventCountry "CAN"]

1. Nf3 d5 2. d4 Nf6 3. c4 c6 4. Nc3 a6 5. a4 e6 6. Bg5 h6 7. Bxf6 Qxf6 8. e4
dxe4 9. Nxe4 Bb4+ 10. Nc3 O-O 11. Bd3 c5 12. O-O cxd4 13. Ne4 Qd8 14. Qe2 Nc6
15. Rfd1 e5 16. c5 Qe7 17. Rac1 Bf5 18. Qc2 Be6 19. Nd6 Ba5 20. Be4 Rab8 21.
Qe2 f6 22. Nh4 Qd7 23. Qh5 Ne7 24. Ng6 Nxg6 25. Qxg6 f5 26. Bxb7 Rf6 27. Qh5
Rxb7 28. Nxb7 Qxb7 29. Qe8+ Kh7 30. c6 Qc7 31. Rd3 Bd5 32. Qd7 Bxc6 33. Qxc7
Bxc7 34. b3 Bb6 35. Rd2 Be8 36. Kf1 Rc6 37. Rxc6 Bxc6 38. f3 Bd5 39. Rb2 d3 40.
Ke1 Bd4 41. Rb1 Bc3+ 42. Kf2 e4 43. fxe4 fxe4 44. Ke3 a5 45. g3 Kg6 46. h3 Kf5
47. Rf1+ Ke5 48. Rb1 Bd4+ 49. Kd2 Bf2 50. b4 Kd4 0-1

[Event "Britiah Columbia-ch Seniors"]
[Site "Surrey CAN"]
[Date "2022.07.17"]
[Round "5.4"]
[White "Kerry, James"]
[Black "Landingin, Jofrel"]
[Result "1-0"]
[WhiteElo "1953"]
[BlackElo "1812"]
[PlyCount "71"]
[EventDate "2022.07.15"]
[EventType "swiss"]
[EventRounds "5"]
[EventCountry "CAN"]

1. e4 c5 2. Nf3 d6 3. d4 cxd4 4. c3 dxc3 5. Nxc3 g6 6. Bc4 Bg7 7. Qb3 e6 8. O-O
Qb6 9. Qc2 a6 10. Be3 Qc7 11. Qe2 Nf6 12. Rfc1 Nc6 13. Bb3 Ng4 14. Nd5 exd5 15.
exd5 O-O 16. dxc6 bxc6 17. Bf4 Bh6 18. Bxh6 Nxh6 19. Ng5 Nf5 20. Qc4 Bb7 21.
Ne4 Qe7 22. Qd3 Rae8 23. f3 Qe5 24. Rd1 d5 25. Nc5 Bc8 26. Ba4 d4 27. Ne4 Bb7
28. Rac1 Rc8 29. Rc5 Qf4 30. Re1 Rfd8 31. g3 Qc7 32. Bb3 Qe7 33. Kf2 Ne3 34. h4
h5 35. Ng5 Qxc5 36. Qxg6+ 1-0

[Event "British Columbia op"]
[Site "Richmond CAN"]
[Date "2022.02.19"]
[Round "1.2"]
[White "Wang, Alex Jiale"]
[Black "Lee, Vicente jr."]
[Result "0-1"]
[WhiteElo "1900"]
[BlackElo "2307"]
[PlyCount "80"]
[EventDate "2022.02.19"]
[EventType "swiss"]
[EventRounds "6"]
[EventCountry "CAN"]

1. g3 d5 2. Bg2 Nf6 3. Nf3 e6 4. d3 c5 5. O-O Nc6 6. Nbd2 Be7 7. b3 O-O 8. Bb2
Qc7 9. c3 e5 10. Qc2 h6 11. e4 Be6 12. Nh4 Rfd8 13. Rad1 Rac8 14. a3 a5 15. h3
b5 16. exd5 Nxd5 17. Nhf3 b4 18. axb4 axb4 19. c4 Nd4 20. Bxd4 cxd4 21. Ra1 Nc3
22. Rfe1 Bf6 23. g4 Bd5 24. Qb2 Bc6 25. Ra6 Qb7 26. Rxc6 Qxc6 27. Nxe5 Qc7 28.
f4 Bh4 29. Ra1 Ne2+ 30. Kh1 Nxf4 31. Ndf3 Bf6 32. Re1 Bxe5 33. Nxe5 f6 34. Nf3
Nxd3 35. Qe2 Nxe1 36. Qe6+ Qf7 37. Qxe1 d3 38. Qxb4 Qe8 39. c5 d2 40. Qc4+ Qf7
0-1

[Event "British Columbia op"]
[Site "Richmond CAN"]
[Date "2022.02.19"]
[Round "1.3"]
[White "Kenney, Jason"]
[Black "Williamson, Jason"]
[Result "1-0"]
[WhiteElo "2285"]
[BlackElo "1900"]
[PlyCount "66"]
[EventDate "2022.02.19"]
[EventType "swiss"]
[EventRounds "6"]
[EventCountry "CAN"]
[TimeControl "90+30"]

1. e4 c5 2. Nc3 Nc6 3. Bb5 g6 4. Bxc6 dxc6 5. d3 Bg7 6. Be3 b6 7. Qd2 Nf6 8. h3
h5 9. f4 Be6 10. Nf3 Qd7 11. O-O O-O-O 12. a3 h4 13. b4 c4 14. Ne5 Qc7 15. d4
Nh5 16. Qf2 Ng3 17. Rfe1 Bxe5 18. dxe5 Rd7 19. Qf3 Rhd8 20. Rad1 Qb7 21. Bf2
Rd2 22. Bxg3 hxg3 23. Qxg3 Qa6 24. Rxd2 Rxd2 25. a4 Rxc2 26. Rd1 b5 27. f5 Qb6+
28. Kh2 gxf5 29. exf5 Bxf5 30. axb5 cxb5 31. Nd5 Qe6 32. Qf4 Bd3 33. Qd4 Bg6
1-0

[Event "British Columbia op"]
[Site "Richmond CAN"]
[Date "2022.02.19"]
[Round "1.4"]
[White "Guo, Veronica (Yu Han)"]
[Black "MacKinnon, Keith"]
[Result "0-1"]
[WhiteElo "1881"]
[BlackElo "2284"]
[PlyCount "64"]
[EventDate "2022.02.19"]
[EventType "swiss"]
[EventRounds "6"]
[EventCountry "CAN"]
[TimeControl "90+30"]

1. d4 Nf6 2. c4 e6 3. Nc3 Bb4 4. e3 O-O 5. Nge2 d5 6. a3 Be7 7. cxd5 exd5 8.
Nf4 Re8 9. Bd3 c6 10. O-O Bd6 11. b4 Nbd7 12. b5 Bxf4 13. exf4 c5 14. Be3 c4
15. Bc2 Nf8 16. f5 Ne4 17. Nxe4 dxe4 18. g4 Qh4 19. Kh1 Nd7 20. Rg1 Nf6 21. Rg2
Bd7 22. a4 a6 23. b6 Kh8 24. a5 Rac8 25. Qe2 h5 26. g5 Nd5 27. g6 fxg6 28. Bg5
Qh3 29. fxg6 Bg4 30. Rxg4 hxg4 31. Ra3 Qxa3 32. Qxg4 Qf3+ 0-1

[Event "British Columbia op"]
[Site "Richmond CAN"]
[Date "2022.02.19"]
[Round "1.5"]
[White "Albitar, Hani"]
[Black "Jiang, Kate"]
[Result "1/2-1/2"]
[WhiteElo "2249"]
[BlackElo "1877"]
[PlyCount "125"]
[EventDate "2022.02.19"]
[EventType "swiss"]
[EventRounds "6"]
[EventCountry "CAN"]
[TimeControl "90+30"]

1. d4 d5 2. c4 c6 3. cxd5 cxd5 4. Bf4 Nf6 5. Nc3 Nc6 6. e3 a6 7. Be2 Bf5 8. Nf3
e6 9. Qb3 Qd7 10. O-O Bd6 11. Ne5 Bxe5 12. dxe5 Ne4 13. Rfc1 Nxc3 14. Rxc3 O-O
15. Rac1 Rfc8 16. Qb6 Qc7 17. Qc5 Qe7 18. g4 Be4 19. f3 Bg6 20. Kf2 h6 21. Qxe7
Nxe7 22. h4 Rxc3 23. Rxc3 Rc8 24. Rxc8+ Nxc8 25. Ke1 h5 26. g5 Ne7 27. Bg3 Kf8
28. Kd2 Ke8 29. Kc3 Kd7 30. Kb4 Kc7 31. f4 Nc6+ 32. Kc3 Kb6 33. Bf2 Kc7 34. b4
Nb8 35. Be1 Nd7 36. Bf2 f6 37. exf6 gxf6 38. Bg3 Kc6 39. a4 b5 40. axb5+ axb5
41. Kd4 f5 42. Be1 Kb6 43. Bc3 Kc6 44. Be1 Kb6 45. Bd3 Kc6 46. Bf2 Kb6 47. Bf1
Kc6 48. Kc3 Nb6 49. Kd4 Nd7 50. Be1 Kb6 51. Bc3 Kc6 52. Kd3 Kd6 53. Bg7 Kc6 54.
Kd4 Kb6 55. Be2 Kc6 56. Bf6 Bf7 57. Bf1 Bg6 58. Be2 Bf7 59. Bd1 Bg6 60. Bb3 Bf7
61. Be7 Bg6 62. Bc5 Bf7 63. Bd1 1/2-1/2

[Event "British Columbia op"]
[Site "Richmond CAN"]
[Date "2022.02.19"]
[Round "1.6"]
[White "Yang, Jingyun (Ryan)"]
[Black "Mohammed Qanee, Arpak Worya"]
[Result "1-0"]
[WhiteElo "1812"]
[BlackElo "2188"]
[PlyCount "77"]
[EventDate "2022.02.19"]
[EventType "swiss"]
[EventRounds "6"]
[EventCountry "CAN"]
[TimeControl "90+30"]

1. e4 e6 2. Nf3 d5 3. exd5 exd5 4. d4 Bd6 5. Bd3 Nf6 6. O-O O-O 7. Re1 Bg4 8.
Nbd2 Nc6 9. c3 Qd7 10. Nf1 Rae8 11. Ne3 Ne7 12. Nxg4 Qxg4 13. h3 Qc8 14. Bg5
Ng6 15. Qc2 c6 16. Bxf6 gxf6 17. Bf5 Qd8 18. g3 Rxe1+ 19. Rxe1 Re8 20. Rxe8+
Qxe8 21. Kg2 h6 22. h4 Ne7 23. Qe2 Qf8 24. Bb1 Qg7 25. Nh2 f5 26. Qf3 f4 27.
Kh3 fxg3 28. fxg3 f5 29. Nf1 Qf7 30. Ne3 f4 31. Ng4 Qe6 32. gxf4 h5 33. f5 Qe1
34. Nh6+ Kh7 35. Nf7 Bc7 36. f6+ Qxb1 37. Ng5+ Kg6 38. fxe7 Qe1 39. Qf7+ 1-0

[Event "British Columbia op"]
[Site "Richmond CAN"]
[Date "2022.02.19"]
[Round "1.8"]
[White "Taylor, Ashton"]
[Black "McLaren, Brian"]
[Result "0-1"]
[WhiteElo "1806"]
[BlackElo "2089"]
[PlyCount "52"]
[EventDate "2022.02.19"]
[EventType "swiss"]
[EventRounds "6"]
[EventCountry "CAN"]
[TimeControl "90+30"]

1. e4 Nf6 2. e5 Nd5 3. d4 d6 4. Nf3 Bg4 5. Be2 c6 6. O-O Bxf3 7. Bxf3 dxe5 8.
dxe5 e6 9. Qe2 Nd7 10. c4 Ne7 11. Bf4 Ng6 12. Bg3 Qa5 13. Be4 Ndxe5 14. Nd2 Nd7
15. Nb3 Qb6 16. Rad1 Rd8 17. Qh5 Nf6 18. c5 Qxb3 19. Rxd8+ Kxd8 20. Qh3 Qc4 21.
Rd1+ Ke8 22. Bxg6 fxg6 23. Bc7 Bxc5 24. b3 Qe2 25. Rc1 Qxf2+ 26. Kh1 Kf7 0-1

[Event "British Columbia op"]
[Site "Richmond CAN"]
[Date "2022.02.19"]
[Round "1.9"]
[White "Yang, Brian"]
[Black "Yang, Henry"]
[Result "1-0"]
[WhiteElo "2056"]
[BlackElo "1761"]
[PlyCount "87"]
[EventDate "2022.02.19"]
[EventType "swiss"]
[EventRounds "6"]
[EventCountry "CAN"]
[TimeControl "90+30"]

1. e4 e5 2. Nf3 Nc6 3. d4 exd4 4. Nxd4 Bc5 5. Nxc6 Qf6 6. Qf3 dxc6 7. Nc3 Be6
8. Qg3 Ne7 9. Be3 Bxe3 10. Qxe3 O-O 11. O-O-O Ng6 12. g3 Bg4 13. Be2 Bxe2 14.
Nxe2 a5 15. f4 a4 16. Qd4 Qe7 17. h4 Rfd8 18. Qc4 Rxd1+ 19. Rxd1 Ra6 20. Qd3
Ra8 21. Nd4 a3 22. b3 Qc5 23. Nf5 Re8 24. e5 Nf8 25. h5 g6 26. hxg6 hxg6 27.
Ne3 Kg7 28. Ng4 Ne6 29. Qe3 Qxe3+ 30. Nxe3 b5 31. b4 Rd8 32. Rxd8 Nxd8 33. c3
Ne6 34. Kc2 c5 35. Kb3 c4+ 36. Kxa3 c6 37. Kb2 c5 38. Ka3 f6 39. bxc5 Nxc5 40.
Kb4 Ne4 41. e6 f5 42. Nd5 Nxg3 43. Kxb5 Ne2 44. Kc6 1-0

[Event "British Columbia op"]
[Site "Richmond CAN"]
[Date "2022.02.19"]
[Round "1.10"]
[White "Houshyar, Ghandi"]
[Black "Verdon, Norman"]
[Result "0-1"]
[WhiteElo "1739"]
[BlackElo "2011"]
[PlyCount "86"]
[EventDate "2022.02.19"]
[EventType "swiss"]
[EventRounds "6"]
[EventCountry "CAN"]
[TimeControl "90+30"]

1. e4 c5 2. Nf3 e6 3. d4 cxd4 4. Nxd4 Nf6 5. Nc3 Nc6 6. Be3 Qc7 7. Be2 a6 8.
Qd2 Bb4 9. f3 d5 10. a3 Bxc3 11. Qxc3 dxe4 12. Nxc6 Qxc6 13. Bd4 Qxc3+ 14. Bxc3
Nd5 15. Bxg7 Rg8 16. Bh6 Rxg2 17. fxe4 Nf6 18. Bd3 e5 19. O-O-O Ng4 20. Bg7 Nf2
21. Rdg1 Rxg7 22. Rxg7 Nxh1 23. Rg2 Ke7 24. Bf1 Be6 25. Kd2 Rd8+ 26. Ke1 Bh3
27. Rg1 Bxf1 28. Rxf1 Rd4 29. Rxh1 Rxe4+ 30. Kd2 Rg4 31. h3 Rg3 32. Rh2 f5 33.
a4 h5 34. a5 Kd6 35. b4 Kd5 36. h4 f4 37. Re2 e4 38. c4+ Kd4 39. Kc2 f3 40.
Rd2+ Kxc4 41. Rd7 Rg2+ 42. Kd1 e3 43. Rc7+ Kb3 0-1

[Event "British Columbia op"]
[Site "Richmond CAN"]
[Date "2022.02.19"]
[Round "2.1"]
[White "Verdon, Norman"]
[Black "Cummings, David"]
[Result "0-1"]
[WhiteElo "2011"]
[BlackElo "2405"]
[PlyCount "82"]
[EventDate "2022.02.19"]
[EventType "swiss"]
[EventRounds "6"]
[EventCountry "CAN"]

1. d4 Nf6 2. c4 e6 3. Nc3 Bb4 4. e3 O-O 5. Nge2 c6 6. a3 Ba5 7. Bd2 d5 8. Ng3
Nbd7 9. f4 Bxc3 10. Bxc3 b6 11. Qa4 Bb7 12. Bb4 c5 13. dxc5 Nxc5 14. Bxc5 bxc5
15. Qb5 Qc7 16. cxd5 exd5 17. Rc1 Rac8 18. Be2 Rfe8 19. O-O Rxe3 20. Nf5 a6 21.
Rxc5 axb5 22. Rxc7 Rxc7 23. Nxe3 Re7 24. Kf2 Ne4+ 25. Ke1 Nd6 26. Kd2 d4 27.
Nc2 Bxg2 28. Rg1 Bc6 29. Nxd4 Bd7 30. Bd3 Ne4+ 31. Kc2 Nd6 32. Rg5 f5 33. Bxf5
h6 34. Rh5 Be8 35. Rh4 Nxf5 36. Nxf5 Bg6 37. Kc3 Bxf5 38. Kb4 Bd7 39. f5 Kf7
40. Rd4 Kf6 41. Rd5 Be8 0-1

[Event "British Columbia op"]
[Site "Richmond CAN"]
[Date "2022.02.19"]
[Round "2.2"]
[White "Lee, Vicente jr."]
[Black "Taylor, Tristan"]
[Result "1-0"]
[WhiteElo "2307"]
[BlackElo "1999"]
[PlyCount "49"]
[EventDate "2022.02.19"]
[EventType "swiss"]
[EventRounds "6"]
[EventCountry "CAN"]

1. Nf3 Nf6 2. d4 d5 3. c4 e6 4. Nc3 dxc4 5. e3 a6 6. a4 c5 7. Bxc4 Nc6 8. O-O
Be7 9. h3 O-O 10. dxc5 Bxc5 11. Qe2 Qc7 12. Rd1 Na5 13. Ba2 Bd7 14. e4 Bc6 15.
Bg5 Nh5 16. Be3 Bxe3 17. Qxe3 b5 18. Rac1 Rab8 19. axb5 axb5 20. b4 Nc4 21.
Bxc4 bxc4 22. Qc5 Nf4 23. Ne5 Rfc8 24. Nxc6 Qxc6 25. Rd8+ 1-0

[Event "British Columbia op"]
[Site "Richmond CAN"]
[Date "2022.02.19"]
[Round "2.3"]
[White "Shinn, Jungmin"]
[Black "Kenney, Jason"]
[Result "1-0"]
[WhiteElo "1972"]
[BlackElo "2285"]
[PlyCount "45"]
[EventDate "2022.02.19"]
[EventType "swiss"]
[EventRounds "6"]
[EventCountry "CAN"]

1. Nf3 Nf6 2. g3 g6 3. Bg2 Bg7 4. c4 O-O 5. d4 d6 6. O-O Nc6 7. h3 a6 8. Nc3
Rb8 9. e3 b5 10. Nd2 Bd7 11. Qe2 b4 12. Nd1 e6 13. b3 a5 14. Nb2 Ne7 15. Nd3
Qc8 16. Bb2 Re8 17. g4 Bc6 18. e4 a4 19. Rae1 d5 20. f3 Nd7 21. Qf2 Ba8 22. Re2
c5 23. exd5 1-0

[Event "British Columbia op"]
[Site "Richmond CAN"]
[Date "2022.02.19"]
[Round "2.4"]
[White "MacKinnon, Keith"]
[Black "Leong, Ryan"]
[Result "1-0"]
[WhiteElo "2284"]
[BlackElo "1971"]
[PlyCount "85"]
[EventDate "2022.02.19"]
[EventType "swiss"]
[EventRounds "6"]
[EventCountry "CAN"]

1. c4 Nf6 2. Nf3 g6 3. Nc3 Bg7 4. e4 d6 5. d4 O-O 6. h3 e5 7. d5 Nh5 8. Bg5 f6
9. Be3 Qe8 10. c5 Bd7 11. Nd2 f5 12. cxd6 cxd6 13. Nc4 Qe7 14. exf5 b5 15. fxg6
hxg6 16. Nd2 Nf4 17. a3 Na6 18. Nde4 b4 19. Na2 Bf5 20. Ng3 bxa3 21. Nxf5 gxf5
22. bxa3 Nc7 23. g3 Ng6 24. Qh5 Qf7 25. Rg1 Rfc8 26. Bc4 Ne8 27. Rc1 Rxc4 28.
Rxc4 Qxd5 29. Rc2 Qe6 30. Nb4 a5 31. Nc6 Kf7 32. Rb2 Qd7 33. Nb8 Qc8 34. Nc6
Qxc6 35. Qxf5+ Nf6 36. Rc2 Qb7 37. g4 Ne7 38. Qd3 Qb1+ 39. Qd1 Qb3 40. g5 Nfd5
41. g6+ Nxg6 42. Rc7+ Nxc7 43. Qxb3+ 1-0

[Event "British Columbia op"]
[Site "Richmond CAN"]
[Date "2022.02.19"]
[Round "2.5"]
[White "Levin, Chris"]
[Black "Lin, Leo"]
[Result "0-1"]
[WhiteElo "1942"]
[BlackElo "2103"]
[PlyCount "72"]
[EventDate "2022.02.19"]
[EventType "swiss"]
[EventRounds "6"]
[EventCountry "CAN"]

1. e4 c5 2. Nf3 d6 3. d4 cxd4 4. Nxd4 Nf6 5. Nc3 a6 6. Bg5 e6 7. f4 Nbd7 8. Qf3
Be7 9. O-O-O Qc7 10. Bd3 b5 11. g4 Bb7 12. Kb1 Rc8 13. Bxf6 Nxf6 14. g5 Nd7 15.
Rhg1 b4 16. Nce2 Nc5 17. Rc1 Qb6 18. h4 d5 19. e5 Ne4 20. Bxe4 dxe4 21. Qb3 Bc5
22. Rgd1 O-O 23. c3 Rfd8 24. Nc2 Bd5 25. c4 Bc6 26. Ne1 a5 27. Qc2 a4 28. Rxd8+
Rxd8 29. Rd1 b3 30. Qc1 bxa2+ 31. Ka1 Rb8 32. Nc2 a3 33. Nxa3 Ba4 34. Re1 Be3
35. Qc3 Rd8 36. Kxa2 Bd2 0-1

[Event "British Columbia op"]
[Site "Richmond CAN"]
[Date "2022.02.19"]
[Round "2.6"]
[White "McLaren, Brian"]
[Black "Yang, Jingyun (Ryan)"]
[Result "1/2-1/2"]
[WhiteElo "2089"]
[BlackElo "1812"]
[PlyCount "68"]
[EventDate "2022.02.19"]
[EventType "swiss"]
[EventRounds "6"]
[EventCountry "CAN"]

1. e4 c5 2. Nc3 Nc6 3. g3 g6 4. Bg2 Bg7 5. d3 d6 6. Nge2 Bd7 7. Be3 b5 8. Qd2
b4 9. Nd1 Nf6 10. h3 Rc8 11. O-O a5 12. f4 h5 13. f5 gxf5 14. exf5 Ne5 15. Bf4
Bc6 16. Ne3 Bxg2 17. Kxg2 Qd7 18. Ng1 Qb7+ 19. Kf2 Nd5 20. Nxd5 Qxd5 21. Rae1
Qxa2 22. b3 a4 23. bxa4 Qxa4 24. Qe2 Qa7 25. Kg2 Qb7+ 26. Nf3 Nxf3 27. Rxf3 Bc3
28. Bd2 Bxd2 29. Qxd2 Ra8 30. Re2 Ra2 31. Kf2 b3 32. Qc3 f6 33. cxb3 Rxe2+ 34.
Kxe2 Kd7 1/2-1/2

[Event "British Columbia op"]
[Site "Richmond CAN"]
[Date "2022.02.19"]
[Round "2.7"]
[White "Liu, Zachary"]
[Black "Yang, Brian"]
[Result "0-1"]
[WhiteElo "1678"]
[BlackElo "2056"]
[PlyCount "72"]
[EventDate "2022.02.19"]
[EventType "swiss"]
[EventRounds "6"]
[EventCountry "CAN"]

1. e4 c5 2. Nf3 e6 3. d4 cxd4 4. Nxd4 Nc6 5. Nc3 Qc7 6. Be3 a6 7. Be2 Nf6 8.
O-O Be7 9. f4 d6 10. Qd2 O-O 11. Bf3 Nxd4 12. Bxd4 e5 13. Be3 b5 14. Nd5 Nxd5
15. exd5 Rb8 16. Rad1 Rd8 17. Qf2 exf4 18. Bxf4 Bf6 19. b3 Bf5 20. Rd2 b4 21.
g4 Bg6 22. h4 Re8 23. Qg3 Rbd8 24. g5 Bc3 25. Rh2 Be4 26. h5 Qc5+ 27. Kh1 Qxd5
28. g6 Bxf3+ 29. Rxf3 Re1+ 30. Kg2 Re2+ 31. Kh3 Qxh5+ 32. Qh4 Qxf3+ 33. Bg3
Qf1+ 34. Kg4 Re4+ 35. Kh5 hxg6+ 36. Kg5 Bf6# 0-1

[Event "British Columbia op"]
[Site "Richmond CAN"]
[Date "2022.02.19"]
[Round "2.8"]
[White "Pitre, Hanniegn"]
[Black "Albitar, Hani"]
[Result "0-1"]
[WhiteElo "1869"]
[BlackElo "2249"]
[PlyCount "42"]
[EventDate "2022.02.19"]
[EventType "swiss"]
[EventRounds "6"]
[EventCountry "CAN"]

1. e4 e5 2. f4 exf4 3. Nf3 Nf6 4. Nc3 d5 5. exd5 Nxd5 6. Nxd5 Qxd5 7. d4 Be7 8.
c4 Qe4+ 9. Kf2 Bf5 10. Qa4+ Nc6 11. Bd2 Bd7 12. Re1 Qf5 13. Qb5 Qf6 14. Qxb7
Rb8 15. Rxe7+ Kxe7 16. Qxc7 Rxb2 17. Bd3 Rxd2+ 18. Nxd2 Qxd4+ 19. Ke2 Rc8 20.
Qb7 Qe3+ 21. Kd1 Qxd3 0-1

[Event "British Columbia op"]
[Site "Richmond CAN"]
[Date "2022.02.19"]
[Round "2.9"]
[White "Leong, Aiden"]
[Black "Roback, Joe"]
[Result "0-1"]
[WhiteElo "1627"]
[BlackElo "2014"]
[PlyCount "94"]
[EventDate "2022.02.19"]
[EventType "swiss"]
[EventRounds "6"]
[EventCountry "CAN"]

1. e4 c5 2. Nf3 e6 3. d4 cxd4 4. Nxd4 Nc6 5. Nc3 Qc7 6. Be3 a6 7. Qd2 Nf6 8.
O-O-O Bb4 9. f3 d5 10. Nxc6 bxc6 11. exd5 cxd5 12. a3 Be7 13. g4 Bb7 14. Be2
Rc8 15. Na2 O-O 16. Kb1 Rfd8 17. h3 d4 18. Bf2 e5 19. Rc1 Nd5 20. Bd3 Rb8 21.
Ka1 Bc8 22. Be4 Be6 23. Rhe1 Nb6 24. Qa5 Qc4 25. b3 Qc7 26. Bd3 Rd5 27. Qd2
Bxa3 28. Rb1 a5 29. Be4 Rc5 30. f4 f6 31. fxe5 fxe5 32. Qg5 Nd5 33. Bd3 Nb4 34.
Nxb4 Bxb4 35. Qh4 g6 36. Bxd4 Bxe1 37. Rxe1 exd4 38. Rxe6 Re5 39. Bc4 Rxe6 40.
Bxe6+ Kg7 41. g5 Qc3+ 42. Kb1 d3 43. Qf2 dxc2+ 44. Ka2 Rf8 45. Qa7+ Kh8 46. Qe7
Qa1+ 47. Kxa1 c1=Q+ 0-1